000
00258nam a22001097a 4500
082
_a
621.3815 BAS'T
100
_a
TECHNICAL STAFF
_9
59116
245
_a
BASIC ELECTRONIC CIRCUITS PART-I
260
_a
NEWYORK
_b
TECHNICAL
_c
1962
300
_a
1.16P
942
_c
BK
999
_c
569166
_d
569166